[Event "TCh-TUR 2014"]
[Site "Konya TUR"]
[Date "2014.06.28"]
[Round "7.2"]
[White "Gulay, Ayca Nuriye"]
[Black "Yilmaz, Ezgi"]
[Result "1-0"]
[WhiteElo "1653"]
[BlackElo "1875"]
[WhiteTeam "Samandag Altin Piyon"]
[BlackTeam "Kocaeli Buyuksehir Belediyesi Kagit Spor"]
[WhiteFideId "6324363"]
[BlackFideId "6303340"]
[EventDate "2014.06.23"]

1. b3 Nf6 2. Bb2 d5 3. g3 g6 4. Bg2 Bg7 5. c4 c6 6. Nf3 Nbd7 7. O-O O-O 8. d3
Re8 9. Nbd2 e5 10. b4 e4 11. Nd4 e3 12. fxe3 Ng4 13. Qb3 Nxe3 14. Rf2 Nxg2 15.
Kxg2 Ne5 16. h3 Qd7 17. Rh1 a5 18. bxa5 c5 19. N4f3 d4 20. Qb6 Bf8 21. Ne4 Qe6
22. Nf6+ Kg7 23. Nxe8+ Qxe8 24. Nxe5 Qxe5 25. Rhf1 f5 26. Bc1 Ra6 27. Bf4 Qe8
28. Qc7+ Kg8 29. Bg5 h6 30. Qd8 Qc6+ 31. Kg1 hxg5 32. g4 Qe6 33. gxf5 gxf5 34.
Qxg5+ Qg6 35. Qxg6+ Rxg6+ 36. Rg2 Kf7 37. Rxg6 Kxg6 38. Rb1 Bh6 39. a6 bxa6 40.
Rb8 Bd7 41. Rb6+ Kh5 42. Rxa6 Bd2 43. a3 Kh4 44. Rd6 Bc8 45. Rc6 Bb7 46. Rxc5
Kg3 47. Rc7 Be3+ 48. Kf1 Bg2+ 49. Ke1 Bxh3 50. c5 Bf4 51. Rg7+ Bg4 52. c6 Kg2
53. c7 Bg3+ 54. Kd1 Bxc7 55. Rxc7 Kf2 56. Re7 f4 57. a4 f3 58. exf3 Bxf3+ 59.
Kd2 1-0

[Event "TCh-TUR 2014"]
[Site "Konya TUR"]
[Date "2014.06.28"]
[Round "7.2"]
[White "Gundogan, Cem"]
[Black "Yildizak, Goksel"]
[Result "1-0"]
[WhiteElo "2054"]
[BlackElo "1702"]
[WhiteTeam "Kocaeli Buyuksehir Belediyesi Kagit Spor"]
[BlackTeam "Samandag Altin Piyon"]
[WhiteFideId "6311032"]
[BlackFideId "6315500"]
[EventDate "2014.06.23"]

1. e4 c6 2. b3 d5 3. Nc3 dxe4 4. Nxe4 Nf6 5. Nxf6+ exf6 6. Qh5 Qd4 7. c3 Qe5+ 8.
Qe2 Bg4 9. f3 Bh5 10. d4 Qxe2+ 11. Nxe2 Bd6 12. Nf4 Bxf4 13. Bxf4 Bg6 14. O-O-O
O-O 15. g3 Nd7 16. Bh3 Nb6 17. c4 Rfe8 18. Rhe1 f5 19. Kb2 Bh5 20. g4 fxg4 21.
fxg4 Bg6 22. g5 h6 23. gxh6 gxh6 24. a4 f5 25. Bxh6 Kf7 26. Bf4 Rxe1 27. Rxe1
Re8 28. Rxe8 Kxe8 29. a5 Nc8 30. Kc3 Kd7 31. d5 c5 32. Kd3 Nd6 33. Ke3 Bh5 34.
Bxd6 Kxd6 35. Bxf5 Bd1 36. h4 Ke5 37. Be4 Bxb3 38. h5 Bxc4 39. h6 Kf6 40. h7 Kg7
41. d6 Be6 42. Bxb7 Kxh7 43. Bc6 Kg7 44. d7 Bxd7 45. Bxd7 Kf6 46. Kd3 Ke7 47.
Bh3 Kd6 48. Kc4 Kc7 49. Kxc5 Kb7 50. Kb5 1-0

[Event "TCh-TUR 2014"]
[Site "Konya TUR"]
[Date "2014.06.28"]
[Round "7.2"]
[White "Ozates, Tuna"]
[Black "Kilic, Efe Mert"]
[Result "1-0"]
[WhiteElo "1850"]
[BlackElo "1859"]
[WhiteTeam "Samandag Altin Piyon"]
[BlackTeam "Kocaeli Buyuksehir Belediyesi Kagit Spor"]
[WhiteFideId "6354521"]
[BlackFideId "6354327"]
[EventDate "2014.06.23"]

1. e4 c5 2. Nf3 d6 3. Bb5+ Bd7 4. Bxd7+ Qxd7 5. O-O Nc6 6. Re1 e6 7. c4 Nf6 8.
d4 cxd4 9. Nxd4 Be7 10. Nc3 O-O 11. Be3 a6 12. Qe2 Rac8 13. Rac1 Rfd8 14. Red1
Qc7 15. b3 Qa5 16. f3 Nxd4 17. Bxd4 Rc6 18. Qd2 Qc7 19. a4 Nd7 20. Na2 Nc5 21.
Qe3 Rc8 22. Qc3 a5 23. Bxg7 Bg5 24. Rb1 e5 25. h4 Bf4 26. Bf6 d5 27. Bg5 d4 28.
Qe1 Bxg5 29. hxg5 Ne6 30. Qh4 Qe7 31. Nc1 Qxg5 32. Qxg5+ Nxg5 33. Nd3 f6 34. Kf2
Ne6 35. g3 Nc5 36. Ke2 Nxd3 37. Kxd3 R8c7 38. g4 Kf7 39. Rh1 Ke6 40. Rh6 Rf7 41.
b4 b6 42. bxa5 bxa5 43. Rb5 Rfc7 44. g5 Rf7 45. Rxa5 Rb6 46. Rb5 Rxb5 47. cxb5
Ra7 48. Rxf6+ Ke7 49. Ra6 Rc7 50. Rc6 Ra7 51. Rc4 Kd6 52. b6 Ra8 53. b7 Rf8 54.
Rc8 Rxf3+ 55. Kd2 Rf2+ 56. Ke1 1-0

[Event "TCh-TUR 2014"]
[Site "Konya TUR"]
[Date "2014.06.28"]
[Round "7.2"]
[White "Gundogan, Sinem Cagla"]
[Black "Yassibag, Ipek Asli"]
[Result "1-0"]
[WhiteElo "1770"]
[BlackElo "1499"]
[WhiteTeam "Kocaeli Buyuksehir Belediyesi Kagit Spor"]
[BlackTeam "Samandag Altin Piyon"]
[WhiteFideId "6325378"]
[BlackFideId "6342400"]
[EventDate "2014.06.23"]

1. e4 c5 2. Nc3 Nc6 3. f4 g6 4. Nf3 Bg7 5. Bc4 e6 6. O-O Nge7 7. Qe1 Nd4 8. Nxd4
Bxd4+ 9. Kh1 Bg7 10. d3 O-O 11. f5 Nc6 12. Qg3 Na5 13. e5 exf5 14. Bg5 Qe8 15.
Nd5 Qxe5 16. Bf4 Qxb2 17. Bd6 Nxc4 18. dxc4 Rd8 19. Qh4 f6 20. Be7 Rf8 21. Bxf8
Bxf8 22. Nxf6+ Kg7 23. Nxh7 d6 24. Nxf8 Kxf8 25. Rae1 Qd4 26. Rf4 Qc3 27. Qd8+
Kg7 28. Re7+ Kh6 29. Rh4+ 1-0

[Event "TCh-TUR 2014"]
[Site "Konya TUR"]
[Date "2014.06.28"]
[Round "7.3"]
[White "Salepci, Osman Firat"]
[Black "Eminov, Orkhan"]
[Result "1/2-1/2"]
[WhiteElo "2094"]
[BlackElo "2254"]
[WhiteTeam "Pausa"]
[BlackTeam "Denizli Pamukkale Universitesi"]
[WhiteFideId "6302343"]
[BlackFideId "13402153"]
[EventDate "2014.06.23"]

1. e4 c5 2. Nf3 Nc6 3. d4 cxd4 4. Nxd4 Nf6 5. Nc3 e6 6. Ndb5 Bb4 7. a3 Bxc3+ 8.
Nxc3 d5 9. exd5 exd5 10. Bd3 O-O 11. O-O d4 12. Ne2 Bg4 13. f3 Bh5 1/2-1/2

[Event "TCh-TUR 2014"]
[Site "Konya TUR"]
[Date "2014.06.28"]
[Round "7.3"]
[White "Polatel, Ali"]
[Black "Okus, Melih"]
[Result "1/2-1/2"]
[WhiteElo "2177"]
[BlackElo "1992"]
[WhiteTeam "Denizli Pamukkale Universitesi"]
[BlackTeam "Pausa"]
[WhiteFideId "6303196"]
[BlackFideId "6305407"]
[EventDate "2014.06.23"]

1. Nf3 Nf6 2. c4 g6 3. Nc3 Bg7 4. e4 d6 5. d4 O-O 6. Be2 e5 7. O-O exd4 8. Nxd4
Nc6 9. Be3 Re8 10. f3 Bd7 11. Qd2 Nxd4 12. Bxd4 a5 13. Rfd1 Bc6 14. Rac1 Nd7 15.
Be3 Nc5 1/2-1/2

[Event "TCh-TUR 2014"]
[Site "Konya TUR"]
[Date "2014.06.28"]
[Round "7.3"]
[White "Gokce, Mevlut Kutsot"]
[Black "Ozturk, Emir"]
[Result "0-1"]
[WhiteElo "1736"]
[BlackElo "2170"]
[WhiteTeam "Pausa"]
[BlackTeam "Denizli Pamukkale Universitesi"]
[WhiteFideId "6341721"]
[BlackFideId "6302408"]
[EventDate "2014.06.23"]

1. d4 d5 2. Nf3 c5 3. e3 Nc6 4. c3 cxd4 5. exd4 Bg4 6. Bd3 e6 7. O-O Bd6 8. h3
Bh5 9. Be3 Nf6 10. Nbd2 O-O 11. Qc2 Qc7 12. Rfe1 Rfc8 13. Rac1 Rab8 14. Bg5 Bg6
15. Bxf6 gxf6 16. Bxg6 hxg6 17. Qd3 Kg7 18. Nf1 Na5 19. Ne3 Bf4 20. g3 Bxg3 21.
fxg3 Qxg3+ 22. Ng2 Rh8 23. Qf1 Rxh3 24. Qf2 Rh1+ 0-1

[Event "TCh-TUR 2014"]
[Site "Konya TUR"]
[Date "2014.06.28"]
[Round "7.3"]
[White "Kashlinskaya, Alina"]
[Black "Khurtsilava, Inga"]
[Result "0-1"]
[WhiteTitle "WGM"]
[BlackTitle "WGM"]
[WhiteElo "2419"]
[BlackElo "2233"]
[WhiteTeam "Denizli Pamukkale Universitesi"]
[BlackTeam "Pausa"]
[WhiteFideId "4198026"]
[BlackFideId "13600419"]
[EventDate "2014.06.23"]

1. d4 Nf6 2. c4 e6 3. Nc3 Bb4 4. e3 c5 5. Ne2 O-O 6. a3 Bxc3+ 7. Nxc3 d6 8. Bd3
Nc6 9. O-O e5 10. dxc5 dxc5 11. Qc2 Bg4 12. f3 Be6 13. Rd1 Qa5 14. Bd2 Qc7 15.
Be1 Ne7 16. Bg3 Rad8 17. Nb5 Qb8 18. Bh4 Ng6 19. Bg5 Rd7 20. h4 Kh8 21. Nc3 b6
22. Bxf6 gxf6 23. h5 Ne7 24. Ne4 f5 25. Nf6 Rd6 26. f4 Rdd8 27. b4 Kg7 28. Qf2
h6 29. bxc5 Kxf6 30. Qh4+ Kg7 31. Qxe7 Rd7 32. Qh4 e4 33. Bc2 Rxd1+ 34. Rxd1
bxc5 35. g4 Qb2 36. Qf2 fxg4 37. Bxe4 Qxf2+ 38. Kxf2 f5 39. Bd5 Rd8 40. e4 fxe4
41. Ke3 Kf6 42. Kxe4 Bf5+ 43. Ke3 Rb8 44. a4 Rb3+ 45. Kf2 Ra3 46. Bc6 Bd3 47.
Rg1 Bf5 48. Rd1 Be6 49. Rd8 Bxc4 50. Rd6+ Kf5 51. Rxh6 Kxf4 52. Rf6+ Kg5 53.
Rg6+ Kxh5 54. Rg7 Kh4 55. Rh7+ Kg5 56. Re7 Kf5 57. Re8 Be6 58. Ra8 Kf4 59. Rf8+
Ke5 60. Ra8 Kd6 61. Bb7 Rxa4 62. Kg3 Ra3+ 63. Kf4 Ra4+ 64. Kg3 Kc7 65. Bg2 Bc8 0-1

[Event "TCh-TUR 2014"]
[Site "Konya TUR"]
[Date "2014.06.28"]
[Round "7.3"]
[White "Ersoz, Bartu"]
[Black "Komut, Kaan"]
[Result "1/2-1/2"]
[WhiteElo "1918"]
[BlackElo "1945"]
[WhiteTeam "Pausa"]
[BlackTeam "Denizli Pamukkale Universitesi"]
[WhiteFideId "6324312"]
[BlackFideId "6309992"]
[EventDate "2014.06.23"]

1. e4 c5 2. Nf3 e6 3. d3 d5 4. Qe2 Be7 5. g3 Nc6 6. Bg2 Nf6 7. e5 Nd7 8. O-O O-O
9. h4 Re8 10. c3 Qb6 11. Rd1 Nf8 12. d4 Bd7 13. Be3 Rac8 14. dxc5 Bxc5 15. Bxc5
Qxc5 16. Nbd2 b5 17. Nb3 Qb6 18. Nbd4 Nxd4 19. Rxd4 Rc4 20. Rad1 Rec8 21. a3 a5
22. Bf1 Rxd4 23. Rxd4 Ng6 1/2-1/2

[Event "TCh-TUR 2014"]
[Site "Konya TUR"]
[Date "2014.06.28"]
[Round "7.3"]
[White "Dogan, Mire Deniz"]
[Black "Ozen, Batuhan"]
[Result "1/2-1/2"]
[WhiteElo "1825"]
[BlackElo "1691"]
[WhiteTeam "Denizli Pamukkale Universitesi"]
[BlackTeam "Pausa"]
[WhiteFideId "6317456"]
[BlackFideId "6345123"]
[EventDate "2014.06.23"]

1. d4 d5 2. c4 e6 3. Nf3 Nf6 4. Nc3 c6 5. e3 Nbd7 6. Qc2 Bd6 7. Bd3 dxc4 8. Bxc4
b5 9. Be2 Bb7 10. O-O a6 11. Ng5 O-O 12. Nce4 Be7 13. Nxf6+ Nxf6 14. Bf3 Qc7 15.
Bd2 c5 16. dxc5 Bxf3 17. Nxf3 Bxc5 18. Rac1 Rfc8 19. Bb4 Bb6 20. Qxc7 Bxc7 21.
Rfd1 Nd5 22. Bd2 Kf8 23. Kf1 Ke8 24. Ke2 Bb6 25. Rxc8+ Rxc8 26. Rc1 Rxc1 27.
Bxc1 Ke7 1/2-1/2

[Event "TCh-TUR 2014"]
[Site "Konya TUR"]
[Date "2014.06.28"]
[Round "7.4"]
[White "Abasov, Nijat"]
[Black "Gasanov, Eldar"]
[Result "0-1"]
[WhiteTitle "GM"]
[BlackTitle "GM"]
[WhiteElo "2531"]
[BlackElo "2495"]
[WhiteTeam "Callica Genclik Ve Spor Kulubu"]
[BlackTeam "Bursa Buyuksehir Belediyesi"]
[WhiteFideId "13402960"]
[BlackFideId "14104466"]
[EventDate "2014.06.23"]

1. e4 e5 2. Nf3 Nc6 3. d4 exd4 4. Nxd4 Bc5 5. Be3 Qf6 6. c3 Nge7 7. g3 d5 8. Bg2
dxe4 9. Nb5 Bxe3 10. Nxc7+ Kf8 11. fxe3 Rb8 12. Nd5 Qe5 13. Nxe7 Kxe7 14. Nd2
Rd8 15. Qe2 f5 16. O-O h5 17. Rf4 Be6 18. Nxe4 fxe4 19. Rxe4 Qc5 20. Bh3 Rd6 21.
Rf1 Re8 22. Rf5 Qb6 23. Rb5 Qa6 24. Qxh5 Kd8 25. a4 Re7 26. Bf1 b6 27. a5 Qb7
28. c4 Nxa5 29. Rf4 Bd7 30. c5 Rh6 31. Rf8+ Kc7 32. cxb6+ axb6 33. Qg5 Qe4 34.
Rd5 Nc6 35. Rd3 Rd6 36. Rb3 Qe5 37. Qh4 Rd1 38. Rc3 Kb7 39. Qa4 Rxf1+ 40. Rxf1
Qd5 41. Ra1 Na5 42. Qd1 Qe4 43. Qd3 Qxd3 44. Rxd3 Nc4 45. b3 Ne5 46. Rc3 Bc6 47.
e4 g5 48. h3 Rh7 49. g4 Bxe4 50. Re3 Nf3+ 51. Kf2 Bc6 52. Kg3 Nd2 53. Rae1 Ka6
54. Re5 Rd7 55. Ra1+ Kb7 56. Kf2 Nxb3 57. Rb1 Nd2 58. Rc1 Ne4+ 59. Ke3 Nc5 60.
Rxg5 Re7+ 61. Kf4 Nd3+ 62. Kf5 Nxc1 63. h4 Nd3 64. Kf6 Rh7 65. h5 Nf2 0-1

[Event "TCh-TUR 2014"]
[Site "Konya TUR"]
[Date "2014.06.28"]
[Round "7.4"]
[White "Esen, Nejdet"]
[Black "Abdulov, Orkhan"]
[Result "1/2-1/2"]
[BlackTitle "IM"]
[WhiteElo "2053"]
[BlackElo "2348"]
[WhiteTeam "Bursa Buyuksehir Belediyesi"]
[BlackTeam "Callica Genclik Ve Spor Kulubu"]
[WhiteFideId "6305644"]
[BlackFideId "13402714"]
[EventDate "2014.06.23"]

1. e4 c5 2. Nf3 e6 3. d4 cxd4 4. Nxd4 Nc6 5. Nc3 a6 6. Nxc6 bxc6 7. Bd3 e5 8.
O-O Nf6 9. f4 d6 10. Kh1 Be7 11. Qe1 O-O 12. fxe5 dxe5 13. Bg5 Nh5 14. Qh4 Bxg5
15. Qxh5 Be6 16. Ne2 c5 17. b3 a5 18. Rad1 Qe7 19. a4 Rac8 20. Nc3 Rfd8 21. Nd5
Bxd5 22. exd5 g6 23. Qf3 f5 24. d6 Rxd6 25. Bxf5 Rxd1 26. Bxc8 Rxf1+ 27. Qxf1
Qd6 28. Ba6 e4 29. Bc4+ Kg7 30. Qe2 Bf6 31. g3 Qd4 32. Kg2 h5 33. Bb5 Qd5 34.
Qc4 Qf5 35. Qe2 h4 36. gxh4 Bxh4 37. Bc6 Qg5+ 38. Kh3 e3 39. Bb5 Bf2 40. Qg4 Qf6
41. Bd3 Be1 42. Qd7+ Kh6 43. Qg4 Qd6 44. Kg2 Kg7 45. Qe4 Bd2 46. Qg4 Bc3 47. Qe4
Bd2 48. Qg4 Be1 49. Qe4 Bf2 50. Qb7+ Kh6 51. Qe4 Qf6 52. Qg4 Be1 53. Qh3+ Bh4
54. Qxe3+ Qg5+ 55. Kf3 Kg7 56. Qxg5 Bxg5 57. Ke4 Kf6 58. Kd5 Bd2 59. Kxc5 g5 60.
h3 Ke7 61. Kc4 Kd6 62. c3 Kc6 63. b4 Kb6 64. Be4 Be1 65. Bc2 Ka6 66. Bd1 Kb6 67.
bxa5+ Kxa5 68. Kd4 Bg3 69. Kd5 Bf2 70. Kc6 Be3 71. c4 Kb4 72. Kd5 Bf2 73. Be2
Kxa4 74. c5 Kb4 75. c6 Bg3 76. Bf1 Ka5 77. Ke6 Kb6 78. Bg2 Bf4 79. Kf5 Bc1 80.
Bd5 Kc7 81. Kg4 Bd2 1/2-1/2

[Event "TCh-TUR 2014"]
[Site "Konya TUR"]
[Date "2014.06.28"]
[Round "7.4"]
[White "Metin, Mehmet"]
[Black "Koc, Ilkay"]
[Result "1-0"]
[WhiteElo "2183"]
[BlackElo "2023"]
[WhiteTeam "Callica Genclik Ve Spor Kulubu"]
[BlackTeam "Bursa Buyuksehir Belediyesi"]
[WhiteFideId "6303730"]
[BlackFideId "6304486"]
[EventDate "2014.06.23"]

1. e4 d5 2. exd5 Nf6 3. Nf3 Nxd5 4. d4 Bf5 5. Bd3 Bg4 6. c4 Nb6 7. Be3 e6 8. Qb3
N8d7 9. Nc3 e5 10. O-O-O Be7 11. c5 Nc8 12. Qxb7 Rb8 13. Qc6 O-O 14. dxe5 Bxf3
15. Qxf3 Qe8 16. Bxh7+ Kxh7 17. Qh3+ Kg8 18. Qxd7 c6 19. f4 Bd8 20. Qxe8 Rxe8
21. Rhe1 Ba5 22. Kc2 Ne7 23. a3 Bxc3 24. bxc3 Rb7 25. Rb1 Rd7 26. c4 Nf5 27. Bf2
Rde7 28. g4 Nh6 29. h3 Kf8 30. Bh4 Rc7 31. Rbd1 Ng8 32. Rd6 Ne7 33. Bxe7+ Kxe7
34. e6 Rh8 35. Re3 Rb8 36. f5 a5 37. exf7+ Kxf7 38. g5 Kg8 39. g6 Rf8 40. Ree6 1-0

[Event "TCh-TUR 2014"]
[Site "Konya TUR"]
[Date "2014.06.28"]
[Round "7.4"]
[White "Yigit, Ahmet Yasir"]
[Black "Yelligedik, Murat"]
[Result "1-0"]
[WhiteElo "1844"]
[BlackElo "1846"]
[WhiteTeam "Bursa Buyuksehir Belediyesi"]
[BlackTeam "Callica Genclik Ve Spor Kulubu"]
[WhiteFideId "6356478"]
[BlackFideId "6366457"]
[EventDate "2014.06.23"]

1. c4 c5 2. Nc3 g6 3. g3 Bg7 4. Bg2 Nc6 5. e3 e5 6. Nge2 Nge7 7. O-O O-O 8. b3
d6 9. Bb2 Rb8 10. Nd5 b5 11. cxb5 Rxb5 12. d4 exd4 13. exd4 Rb8 14. Qd2 Nxd5 15.
Bxd5 Nb4 16. Bg2 Re8 17. Rfd1 Ba6 18. Nf4 g5 19. a3 gxf4 20. axb4 Re2 21. Qc1
Bc8 22. Bf3 Rxb2 23. Qxb2 Rxb4 24. Rxa7 fxg3 25. hxg3 Rxd4 26. Rxd4 Bxd4 27. Qe2
Qg5 28. Qe8+ Kg7 29. Qxf7+ 1-0

[Event "TCh-TUR 2014"]
[Site "Konya TUR"]
[Date "2014.06.28"]
[Round "7.4"]
[White "Simsek, Meltem"]
[Black "Mirzoeva, Elmira"]
[Result "0-1"]
[BlackTitle "WGM"]
[WhiteElo "1731"]
[BlackElo "2241"]
[WhiteTeam "Callica Genclik Ve Spor Kulubu"]
[BlackTeam "Bursa Buyuksehir Belediyesi"]
[WhiteFideId "6306594"]
[BlackFideId "4127951"]
[EventDate "2014.06.23"]

1. d4 d5 2. c4 c6 3. Nc3 dxc4 4. a4 e5 5. Nf3 exd4 6. Nxd4 Bc5 7. e3 Bxd4 8.
exd4 Be6 9. Be2 Nf6 10. Bg5 Nbd7 11. Qc2 Qa5 12. Bd2 Qb6 13. Be3 Qb3 14. Qxb3
cxb3 15. O-O Nb6 16. Bd1 O-O-O 17. a5 Nc4 18. Bxb3 Nxb2 19. Bxe6+ fxe6 20. Rfc1
Nc4 21. Bg5 h6 22. Bxf6 gxf6 23. Ne2 Nd6 24. Nf4 Rhe8 25. d5 exd5 26. Nxd5 Ne4
27. Nb4 Rd4 28. Rab1 Nd2 29. Rb2 Nc4 30. Ra2 Nxa5 31. Rxa5 Rxb4 32. Rxa7 Kb8 33.
Ra5 Re5 34. Ra3 Rf5 35. Ra2 Kc7 36. h3 b5 37. Rac2 Kb6 38. Rxc6+ Ka5 39. R1c2
Rb1+ 40. Kh2 Rb3 41. Ra2+ Kb4 42. Raa6 Rxf2 43. Rxf6 Rxf6 44. Rxf6 h5 45. Rf5 h4
46. Rf4+ Kc3 47. Rf3+ Kc2 48. Rxb3 Kxb3 49. g4 Kc4 50. g5 Kd5 51. Kg2 b4 0-1

[Event "TCh-TUR 2014"]
[Site "Konya TUR"]
[Date "2014.06.28"]
[Round "7.4"]
[White "Erdogan, Anil Berk"]
[Black "Zor, Alber Kadir"]
[Result "1/2-1/2"]
[WhiteElo "1791"]
[BlackElo "1963"]
[WhiteTeam "Bursa Buyuksehir Belediyesi"]
[BlackTeam "Callica Genclik Ve Spor Kulubu"]
[WhiteFideId "6348173"]
[BlackFideId "6353169"]
[EventDate "2014.06.23"]

1. e4 g6 2. d4 Bg7 3. Nc3 c5 4. Be3 cxd4 5. Bxd4 Nf6 6. Nd5 O-O 7. Nxf6+ exf6 8.
Bd3 Nc6 9. Bc3 Re8 10. Ne2 Ne5 11. O-O d5 12. Bb5 dxe4 13. Bxe8 Qxe8 14. Bxe5
fxe5 15. Qd5 Qc6 16. Qxc6 bxc6 17. Nc3 f5 18. Rfd1 Bf8 19. a3 Be6 20. b4 a5 21.
b5 cxb5 22. Nxb5 Rc8 23. c3 a4 24. c4 Rxc4 25. Rac1 Rxc1 26. Rxc1 Bd7 27. Rb1
Bxb5 28. Rxb5 Bxa3 29. Ra5 Bb2 30. Rxa4 Bd4 31. Kf1 Kg7 32. Ke2 Kh6 33. Rb4 Kg5
34. Rb7 h5 35. Rc7 f4 36. Rf7 Kg4 37. Rf6 g5 38. Rf7 Kh4 39. Rf5 Kg4 40. Rf8 e3
41. f3+ Kh4 42. h3 e4 43. Rg8 exf3+ 44. Kxf3 Be5 45. Rg6 g4+ 46. hxg4 e2 47.
Kxe2 hxg4 48. Kf1 Bd4 49. Rg8 Kg3 50. Rg6 f3 51. gxf3 Kxf3 52. Rxg4 Kxg4 1/2-1/2

[Event "TCh-TUR 2014"]
[Site "Konya TUR"]
[Date "2014.06.28"]
[Round "7.4"]
[White "Caglar, Ahmet Ata"]
[Black "Kamer, Kayra"]
[Result "1/2-1/2"]
[WhiteElo "1841"]
[BlackElo "1800"]
[WhiteTeam "Callica Genclik Ve Spor Kulubu"]
[BlackTeam "Bursa Buyuksehir Belediyesi"]
[WhiteFideId "6328636"]
[BlackFideId "6367879"]
[EventDate "2014.06.23"]

1. e4 c5 2. Nf3 e6 3. d4 cxd4 4. Nxd4 a6 5. Bd3 Bc5 6. Nb3 Ba7 7. O-O Ne7 8. Qe2
d6 9. Nc3 Nbc6 10. Be3 O-O 11. Rad1 Qc7 12. Bxa7 Rxa7 13. f4 e5 14. f5 f6 15.
Bc4+ Kh8 16. a4 Nd4 17. Nxd4 exd4 18. Rxd4 Qc5 19. Qf2 Nc6 20. Rfd1 Nxd4 21.
Qxd4 g6 22. g4 gxf5 23. gxf5 b6 24. Qxc5 dxc5 25. Rd6 b5 26. axb5 axb5 27. Nxb5
Ra1+ 28. Kf2 Ba6 29. Na3 Bxc4 30. Nxc4 Rh1 31. Kg2 Re1 32. Kf3 Rf1+ 33. Ke3 Rh1
34. Rd2 Re1+ 35. Re2 Rd1 36. Rd2 Re1+ 37. Re2 Rd1 38. Nb6 Re8 39. Na4 Re5 40.
Nc3 Rf1 41. Kd3 Rf3+ 42. Kc4 Rf4 43. Rd2 Rexf5 44. Kb5 Re5 45. Kc6 f5 46. exf5
Rfxf5 47. Nd5 c4 48. Kc5 c3 49. bxc3 Re8 50. c4 Rc8+ 51. Kd4 Rh5 52. Kd3 Rh3+
53. Kd4 Rh4+ 54. Ke5 Rhxc4 55. Ne3 Re8+ 56. Kd5 Rd8+ 57. Kxc4 Rxd2 58. h4 Rh2
59. Kd5 Rxh4 60. c4 Kg8 61. c5 Rh3 62. Nf5 Rc3 63. c6 Kf7 64. Kd6 Rxc6+ 1/2-1/2

[Event "TCh-TUR 2014"]
[Site "Konya TUR"]
[Date "2014.06.28"]
[Round "7.4"]
[White "Erece, Ece Alkim"]
[Black "Incecik, Seyma Zeynep"]
[Result "1-0"]
[WhiteElo "1638"]
[BlackElo "1477"]
[WhiteTeam "Bursa Buyuksehir Belediyesi"]
[BlackTeam "Callica Genclik Ve Spor Kulubu"]
[WhiteFideId "6346006"]
[BlackFideId "6374948"]
[EventDate "2014.06.23"]

1. e4 e5 2. Nf3 Nc6 3. d4 exd4 4. Bc4 Nf6 5. O-O Bc5 6. c3 d5 7. exd5 Nxd5 8.
cxd4 Be7 9. Bxd5 Qxd5 10. Nc3 Qd8 11. d5 Nb8 12. Bf4 Bd7 13. Re1 Na6 14. Qe2 Kf8
15. Rad1 Bd6 16. Bxd6+ cxd6 17. Nb5 Bxb5 18. Qxb5 Nc5 19. Rc1 a6 20. Qc4 a5 21.
Nd4 g6 22. Nb5 Na6 23. Qf4 Qb6 24. Nxd6 f5 25. Qe5 Rg8 26. Qf6# 1-0

[Event "TCh-TUR 2014"]
[Site "Konya TUR"]
[Date "2014.06.28"]
[Round "7.5"]
[White "Aghasiyev, Kamal"]
[Black "Karayel, Atagun"]
[Result "1-0"]
[WhiteTitle "IM"]
[WhiteElo "2401"]
[BlackElo "1940"]
[WhiteTeam "Karsiyaka Satranc Spor Kulubu"]
[BlackTeam "Karaman Belediye Spor Kulubu"]
[WhiteFideId "13402854"]
[BlackFideId "6305318"]
[EventDate "2014.06.23"]

1. d4 d5 2. c4 e6 3. Nc3 Nf6 4. Nf3 Be7 5. Bf4 O-O 6. e3 b6 7. Rc1 c5 8. Be2 Ba6
9. dxc5 Bxc5 10. Ne5 Nbd7 11. cxd5 Bxe2 12. Qxe2 Nxd5 13. Nd3 Nxf4 14. Nxf4 Qe7
15. O-O Rfd8 16. Ne4 Bd6 17. Nxd6 Qxd6 18. Rfd1 Qb8 19. Qf3 Ne5 20. Qe4 Rxd1+
21. Rxd1 Ng4 22. h3 Nf6 23. Qc6 Qc8 24. Qd6 Qe8 25. f3 Rc8 26. e4 Qf8 27. Qd4
Rc7 28. Qe5 Qc8 29. Kh2 Rd7 30. Rc1 Qb7 31. b4 a6 32. a4 h6 33. b5 axb5 34. axb5
Ne8 35. Rc6 Nc7 36. h4 g6 37. h5 g5 38. Nh3 Qb8 39. f4 g4 40. Nf2 Qd8 41. Kg3
Rd3+ 42. Nxd3 Qxd3+ 43. Kh2 Qf1 44. f5 Qe1 45. Qg3 1-0

[Event "TCh-TUR 2014"]
[Site "Konya TUR"]
[Date "2014.06.28"]
[Round "7.5"]
[White "Yordanova, Svetla"]
[Black "Nurlu, Selin"]
[Result "1-0"]
[WhiteTitle "WIM"]
[WhiteElo "2101"]
[BlackElo "1575"]
[WhiteTeam "Karaman Belediye Spor Kulubu"]
[BlackTeam "Karsiyaka Satranc Spor Kulubu"]
[WhiteFideId "2905108"]
[BlackFideId "6308236"]
[EventDate "2014.06.23"]

1. d4 d5 2. Nf3 Nf6 3. c4 c6 4. e3 Bf5 5. Nc3 e6 6. Qb3 Qc7 7. Bd2 h6 8. Rc1
Nbd7 9. cxd5 exd5 10. Nxd5 Nxd5 11. Qxd5 Be6 12. Qe4 Nf6 13. Qc2 Qb6 14. a3 Bb3
15. Qf5 Be6 16. Qc2 Bb3 17. Qb1 c5 18. Be2 Be7 19. O-O O-O 20. h3 Rac8 21. Bc3
Qe6 22. dxc5 Bxc5 23. Nd4 Bxd4 24. Bxd4 a6 25. Bf3 Bd5 26. Bxd5 Nxd5 27. Rfd1
Rfd8 28. Rxc8 Rxc8 29. Qd3 Ne7 30. Bc3 Nc6 31. Qe2 Ne5 32. Qh5 Nc4 33. Qh4 Qc6
34. Qg3 f6 35. Kh2 Qe6 36. e4 Rc6 37. Qg6 Rc8 38. f4 Qb6 39. Rd7 1-0

[Event "TCh-TUR 2014"]
[Site "Konya TUR"]
[Date "2014.06.28"]
[Round "7.5"]
[White "Kesgin, Halit Kaan"]
[Black "Ererdem, Gani Eren"]
[Result "1-0"]
[WhiteElo "1823"]
[BlackElo "1905"]
[WhiteTeam "Karsiyaka Satranc Spor Kulubu"]
[BlackTeam "Karaman Belediye Spor Kulubu"]
[WhiteFideId "6349137"]
[BlackFideId "6310915"]
[EventDate "2014.06.23"]

1. e4 d5 2. exd5 Qxd5 3. Nc3 Qd6 4. d4 Nf6 5. Nf3 a6 6. g3 Nc6 7. Bg2 Bg4 8. d5
Nb4 9. Bf4 Qd8 10. Qd2 Nfxd5 11. Ne5 Be6 12. O-O-O Nxc3 13. bxc3 Qxd2+ 14. Rxd2
Nxa2+ 15. Kb2 g5 16. Be3 Bg7 17. f4 c6 18. Bd4 O-O 19. Nf3 a5 20. Bxg7 Kxg7 21.
Nd4 Bc4 22. Nf5+ Kg8 23. Ne3 Nxc3 24. Kxc3 Ba6 25. Rd7 b5 26. Rxe7 b4+ 27. Kb2
Bb5 28. Re1 a4 29. Bf1 a3+ 30. Ka2 Bxf1 31. Nxf1 gxf4 32. gxf4 c5 33. Ne3 Rfe8
34. Nf5 Rxe7 35. Rxe7 c4 36. Rb7 b3+ 37. cxb3 cxb3+ 38. Rxb3 h5 39. Rg3+ Kh8 40.
Rg5 Kh7 41. Rg7+ Kh8 42. Rxf7 Ra4 43. Nh4 Kg8 44. Rf5 Kg7 45. Ng2 Re4 46. Kxa3
Re2 47. Rg5+ Kf6 48. h4 1-0